A sermon preached at Barbican in London, December 24. 1721 : upon the death of the Reverend Dr. John Gale. By Joseph Burroughs.

Bibliographic Details
Main Author: Burroughs, Joseph, 1685-1761
Format: eBook
Language:English
Series:Eighteenth century collections online.
Online Access:Full text online

MARC

Tag First Indicator Second Indicator Subfields
LEADER 00000cam a2200000 4500
001 in00001985488
006 m | d |
007 cr |n||||||||n
008 791208s1722 enk|||| s 00||||eng d
005 20260406214358.5
035 |a (CStRLIN)ESTCT75879 
040 |a Uk-ES  |c Uk-ES  |d CStRLIN  |d Thomson Gale  |d UtOrBLW 
100 1 |a Burroughs, Joseph,  |d 1685-1761. 
245 1 2 |a A sermon preached at Barbican in London, December 24. 1721 :  |b upon the death of the Reverend Dr. John Gale. By Joseph Burroughs. 
264 3 |a London :  |b printed by John Darby, and sold by E. Bell, and A. Ward,  |c 1722. 
300 |a 2 unnumbered pages, 31, 1 unnumbered page ;  |c 8⁰. 
336 |a text  |b txt  |2 rdacontent 
337 |a computer  |b c  |2 rdamedia 
338 |a online resource  |b cr  |2 rdacarrier 
500 |a Reproduction of original from the British Library. 
510 4 |a English Short Title Catalog,  |c ESTCT75879. 
533 |a Electronic reproduction.  |b Farmington Hills, Mich. :  |c Thomson Gale,  |d 2003.  |n Available via the World Wide Web.  |n Access limited by licensing agreements  |7 s2003 miunns 
500 |a Electronic resource. 
830 0 |a Eighteenth century collections online. 
856 4 0 |u http://proxy.library.tamu.edu/login?url=https://galenet.galegroup.com/servlet/ECCO?c=1&stp=Author&ste=11&af=BN&ae=T075879&tiPG=1&dd=0&dc=flc&docNum=CW120389031&vrsn=1.0&srchtp=a&d4=0.33&n=10&SU=0LRF&locID=txshracd2898  |z Full text online  |t 0 
999 |a MARS 
999 f f |s 14201755-323b-3d80-9509-7e5160896fbc  |i 10bfaef9-0455-39d1-8ad7-8be4c23d397d  |t 0 
952 f f |a Texas A&M University  |b College Station  |c Electronic Resources  |s www_evans  |d Available Online  |t 0  |h No information provided 
998 f f |t 0  |l Available Online